El Nuevo regionalismo y el retorno a lo político /

Salvato in:
Dettagli Bibliografici
Autore principale: Hettne, Björn
Natura: testo
Soggetti:
Tags: Aggiungi Tag
Nessun Tag, puoi essere il primo ad aggiungerne!!

MARC

LEADER 00000 a a2200000 04500
001 3526
003
040
100 |a Hettne, Björn  
245 |a El Nuevo regionalismo y el retorno a lo político /  |c Björn Hettne 
650 |a INTEGRACION REGIONAL  
650 |a REGIONALIZACION  
773 |g volumen 52, número 11; páginas 954-965  
999 |c 34617  |d 34617